Taylor Swift's Breathe Lyrics - Statistics

General Stats
  • This quiz has been taken 817 times
  • The average score is 249 of 305
Answer Stats
Hint Answer % Correct
I
99%
you
98%
a
97%
breathe
97%
Breathe
97%
to
96%
and
94%
And
94%
But
94%
can't
93%
have
92%
the
92%
it
91%
without
91%
me
90%
your
90%
my
89%
it's
88%
It's
88%
no
88%
of
88%
in
87%
we
86%
go
85%
know
85%
like
85%
see
84%
this
84%
one
83%
that
83%
mind
82%
never
82%
Never
82%
You're
82%
don't
81%
face
81%
Cause
80%
cause
80%
only
80%
us
80%
way
80%
easy
79%
end
79%
all
78%
back
78%
want
78%
as
77%
away
77%
time
77%
are
76%
here
76%
save
76%
simple
76%
thing
76%
thought
76%
was
76%
be
75%
drive
75%
hand
75%
not
75%
People
75%
people
75%
sometimes
75%
break
74%
clean
74%
gonna
74%
after
73%
is
73%
our
73%
out
73%
what
73%
change
72%
none
72%
sad
72%
out
71%
for
70%
just
70%
killing
70%
minds
70%
movie
70%
really
69%
a.m.
68%
down
67%
two
67%
doesn't
66%
ending
66%
from
66%
work
66%
around
65%
bring
65%
friend
65%
Feelin'
63%
kinda
63%
lost
63%
tragedy
63%
hurt
62%
Music
62%
playin'
62%
say
62%
starts
62%
wanted
62%
it'll
61%
Nothing
61%
Every
59%
Now
57%
road
57%
bump
56%
I'm
53%
little
53%
swerve
53%
tried
52%
ain't
49%
sorry
49%
fall
47%
Hope
43%
No matching quizzes found
Score Distribution
Percent of People with Each Score
Percentile by Number Answered
Your Score History
You have not taken this quiz